000 00660nam a2200277Ia 4500
005 20260121124607.0
008 008 260114s9999 xx 000 0 eng d
020 _a9781501720734
037 _aEBOOK
040 _aCRL
040 _beng
040 _cCRL
041 _2eng
041 _aeng
084 _qCRL
100 _aHeller, Patrick
_9978637
245 4 _aThe Labor of Development
260 _bWalter de Gruyter
260 _bWalter de Gruyter
260 _c2000
650 _aPolitical Science
_9978638
856 _uhttp://www.degruyter.com/isbn/9781501720734
942 _cEBOOK
999 _c1555760
_d1555760